Normal view MARC view
  • GUPTA, DR.R.D. & KIRTANE, DR. SANTOSH AND BABAR, DR. VISHAL BHARAT

Entry Personal Name

Number of records used in: 1

001 - CONTROL NUMBER

  • control field: 8531

003 - CONTROL NUMBER IDENTIFIER

  • control field: JRU

005 - DATE AND TIME OF LATEST TRANSACTION

  • control field: 20240918150630.0

008 - FIXED-LENGTH DATA ELEMENTS

  • fixed length control field: 240918|| aca||aabn | a|a d

040 ## - CATALOGING SOURCE

  • Original cataloging agency: JRU
  • Transcribing agency: JRU

100 ## - HEADING--PERSONAL NAME

  • Personal name: GUPTA, DR.R.D. & KIRTANE, DR. SANTOSH AND BABAR, DR. VISHAL BHARAT

670 ## - SOURCE DATA FOUND

  • Source citation: Work cat.: (JRU)8660: GUPTA, DR.R.D. & KIRTANE, DR. SANTOSH AND BABAR, DR. VISHAL BHARAT , MEDICINAL CHEMISTRY - I [B.PHARMA, 4TH SEMESTER ]